| 000 | 00514nam a22001817a 4500 | ||
|---|---|---|---|
| 005 | 20240415002642.0 | ||
| 008 | 240415b |||||||| |||| 00| 0 eng d | ||
| 020 | _a9712301117 | ||
| 040 | _cJHCSC | ||
| 082 | _a499.211 | ||
| 100 |
_96180 _aSantiago, Alfonso O. |
||
| 245 |
_aPanimulang linggwistika sa Pilipino/ _cAlfonso O. Santiago |
||
| 260 |
_aManila: _bRex Book Store, _cc1997. |
||
| 300 | _a178 pages | ||
| 500 | _aIncludes bibliographical references. | ||
| 650 | 0 |
_95616 _aLinguistics |
|
| 942 |
_2ddc _cBOOK |
||
| 999 |
_c8472 _d8472 |
||